| 000 | 00594nam a2200217 a 4500 | ||
|---|---|---|---|
| 005 | 20140310183611.0 | ||
| 008 | 120825s19uu xx 00 eng d | ||
| 020 | _a9780199587414 | ||
| 050 |
_aHF 5636 _b.C273 2011 |
||
| 100 | _aCarey, Mary | ||
| 245 |
_aAcounting : _ba smart approach / _cMary Carey. |
||
| 260 |
_aOxford : _bOxford University Press, _c2011. |
||
| 300 |
_a380 p. : _bcol. ill. ; _c25 cm. |
||
| 500 | _aIncludes index. | ||
| 521 | _aBSA | ||
| 650 | _aAccounting | ||
| 700 | _aKnowles, Cathy | ||
| 700 | _aClark, Jane Towers | ||
| 942 |
_cBK _2lcc _kFOR |
||
| 999 |
_c25254 _d25254 |
||